000 00666nam a2200205Ia 4500
001 78888
003 154912
005 20250312062604.0
008 ||||||n9999 ||| || ||
245 0 _aEl nuevo paradigma en la administración pública en Colombia
562 _e1
650 0 _aBOGOTÁ (COLOMBIA)--ADMINISTRACIÓN PÚBLICA
_91503
650 0 _aCrisis del Estado
_93830
650 _aESPECIALIZACIÓN EN GESTIÓN PÚBLICA--TESIS Y DISERTACIONES ACADÉMICAS
_911969
650 _aESTADO BENEFACTOR
_991701
650 _aMARCO LEGAL
_985836
650 0 _aNeoliberalismo
_94105
650 _aTESIS Y DISERTACIONES ACADÉMICAS
_9100370
942 _cTESIS
999 _c78888
_d78888